AURANGZEB THE MAN AND THE MYTH (Record no. 29343)
[ view plain ]
| 000 -LEADER | |
|---|---|
| fixed length control field | 00297nam a2200121Ia 4500 |
| 008 - FIXED-LENGTH DATA ELEMENTS--GENERAL INFORMATION | |
| fixed length control field | 240624s9999 xx 000 0 und d |
| 041 ## - LANGUAGE CODE | |
| Language code of text/sound track or separate title | eng |
| 082 ## - DEWEY DECIMAL CLASSIFICATION NUMBER | |
| Classification number | 828 TRU |
| 100 ## - MAIN ENTRY--PERSONAL NAME | |
| Personal name | TRUSCHKE AUDREY |
| 245 ## - TITLE STATEMENT | |
| Title | AURANGZEB THE MAN AND THE MYTH |
| 260 ## - PUBLICATION, DISTRIBUTION, ETC. | |
| Date of publication, distribution, etc. | 2017 |
| Place of publication, distribution, etc. | Haryana |
| Name of publisher, distributor, etc. | Penguin Viking |
| 365 ## - TRADE PRICE | |
| Currency code | RS |
| Withdrawn status | Lost status | Damaged status | Not for loan | Home library | Current library | Shelving location | Date acquired | Cost, normal purchase price | Total Checkouts | Full call number | Barcode | Date last seen | Date last checked out | Price effective from | Koha item type |
|---|---|---|---|---|---|---|---|---|---|---|---|---|---|---|---|
| IMTN | IMTN | Rack 43-A | 10/09/2017 | 234.00 | 1 | 828 TRU | 29343 | 01/16/2026 | 01/07/2026 | 06/24/2024 | Books |